Lời cúng thần của dân tộc Ê Đê

Giới thiệu nội dung các bài cúng trong các lễ cầu nguyện như cúng cầu sức khoẻ người mẹ mang thai, lễ đặt tên, thổi tai cho trẻ sơ sinh, lễ trưởng thành, lễ kết nghĩa anh em... của dân tộc Ê đê

Gespeichert in:
Bibliographische Detailangaben
1. Verfasser: Trương Bi
Format: Buch
Sprache:Vietnamese
Veröffentlicht: H. Đại học Quốc gia Hà Nội 2011
Schlagworte:
Tags: Tag hinzufügen
Keine Tags, Fügen Sie den ersten Tag hinzu!
Thư viện lưu trữ: Mạng thư viện Đại học Đà Nẵng
LEADER 01457aam a22003618a 4500
001 000015817
003 12201
005 20120605150629.0
008 120605s2011 viesd
020 |d 2000b 
041 0 |a vie 
082 1 4 |2 14  |a 390.09597  |b TR-B 
100 1 |a Trương Bi 
245 1 0 |a Lời cúng thần của dân tộc Ê Đê  |c Trương Bi 
260 |a H.  |b Đại học Quốc gia Hà Nội  |c 2011 
300 |a 241tr.  |c 21cm 
500 |a ĐTTS ghi: Hội Văn nghệ dân gian Việt Nam 
520 |a Giới thiệu nội dung các bài cúng trong các lễ cầu nguyện như cúng cầu sức khoẻ người mẹ mang thai, lễ đặt tên, thổi tai cho trẻ sơ sinh, lễ trưởng thành, lễ kết nghĩa anh em... của dân tộc Ê đê 
650 7 |2 Bộ TK TVQG  |a Văn khấn 
650 7 |2 Bộ TK TVQG  |a Dân tộc Ê Đê 
650 7 |2 Bộ TK TVQG  |a Phong tục 
650 7 |2 Bộ TK TVQG  |a Thờ cúng 
650 7 |2 Bộ TK TVQG  |a Tín ngưỡng 
OWN |a LSP 
AVA |a UDN50  |b LSP  |d 390.09597 TR-B  |e available  |t Error 5001 Not defined in file expand_doc_bib_avail.  |f 1  |g 0  |h N  |i 0  |k 1 
999 |a From the UDN01 
AVA |a UDN50  |b LSP  |d 390.09597 TR-B  |e available  |t Error 5001 Not defined in file expand_doc_bib_avail.  |f 1  |g 0  |h N  |i 0  |k 1 
TYP |a Monograph 
TYP |a Printed language 
980 |a Mạng thư viện Đại học Đà Nẵng